[Event "Hoogovens"]
[Site "Wijk aan Zee 61"]
[Date "1999.??.??"]
[Round "11"]
[White "Anand, Viswanathan"]
[Black "Van Wely, Loek"]
[Result "1-0"]
[WhiteElo "2780"]
[BlackElo "2635"]
[Annotator "JvR"]
[PlyCount "119"]
[EventDate "1999.??.??"]
[EventCountry "NED"]

1. e4 c5 2. Nc3 Nc6 3. Nf3 g6 4. d4 cxd4 5. Nxd4 Bg7 6. Be3 Nf6 7. Bc4 Qa5 8.
O-O O-O 9. Nb3 Qc7 10. Bg5 $5 a6 11. Be2 e6 12. Qd2 $1 ({Anand improves on} 12.
Be3 {(Porubszky-Worsch, Halle 1974).}) 12... b5 13. a3 Rb8 14. Rfd1 b4 15. axb4
Nxb4 16. Bf4 e5 17. Bg5 d6 18. Na5 $6 (18. Ra3 $1 {keeps more advantage.})
18... Be6 19. b3 h6 20. Bxf6 Bxf6 21. Bc4 Bg5 22. Qe2 Bc8 23. Nd5 Nxd5 24. Bxd5
Rb5 25. Nc4 Kg7 26. Nb2 f5 27. Bc4 Rc5 28. Na4 Rc6 29. Nc3 Qa7 30. Kh1 Bh4 31.
f3 Qf2 32. Qd3 $1 Bg5 33. exf5 gxf5 34. Nd5 f4 (34... e4 $6 35. fxe4 fxe4 36.
Qxe4 Bf5 37. Qd4+ Qxd4 38. Rxd4 Bxc2 $2 39. Nb4 {loses material (Alterman).})
35. Rd2 Qc5 $2 (35... Qh4 $1 36. Bxa6 $4 Rxa6 $1) 36. Qe2 $2 (36. Bxa6 Qa7 37.
Qh7+ $1 Kxh7 38. Bd3+ {gains a pawn.}) 36... Be6 37. Rdd1 a5 38. Rd2 Bf7 39.
Qd1 Rd8 40. Ra4 Rcc8 41. Nc3 Bg6 42. Rd5 Qe3 43. Ne2 {The control over the
centre is contested in manoeuvres.} Bf7 $2 ({The pawn sacrifice} 43... Be7 $1
44. Raxa5 Ra8 45. c3 Qf2 46. Rdb5 Be8 47. Rxa8 Rxa8 48. Rb7 Kf6 {gives
positional compensation.}) 44. Rd3 Qb6 45. Bxf7 Kxf7 46. Nc3 Be7 47. Ne4 Rg8 $6
48. c4 $6 ({Faster wins} 48. Nxd6+ $1 Bxd6 49. Rxd6 Qxd6 50. Qxd6 Rgd8 51.
Rxf4+ $1 {(Van Wely).}) 48... Rg6 49. Ra2 Qb4 50. Ra4 Qb6 51. Rd5 {The
blockade of the centre has been completed.} Rcg8 52. Ra2 a4 53. bxa4 Qc6 54. c5
dxc5 55. Rxe5 Rd8 56. Qc1 c4 57. h3 Ke8 58. Re2 Rd7 59. Nc5 Rc7 60. Qxc4 1-0

[Event "Hoogovens"]
[Site "Wijk aan Zee 61"]
[Date "1999.??.??"]
[Round "11"]
[White "Svidler, Peter"]
[Black "Kramnik, Vladimir"]
[Result "1/2-1/2"]
[WhiteElo "2710"]
[BlackElo "2750"]
[Annotator "JvR"]
[PlyCount "53"]
[EventDate "1999.??.??"]
[EventCountry "NED"]

1. e4 c5 2. Nf3 Nc6 3. d4 cxd4 4. Nxd4 Nf6 5. Nc3 e5 6. Ndb5 d6 7. Bg5 a6 8.
Na3 b5 9. Bxf6 gxf6 10. Nd5 f5 11. c3 Bg7 12. exf5 Bxf5 13. Nc2 O-O 14. Nce3
Be6 15. Bd3 f5 16. O-O Ra7 17. a4 ({Svidler did not fare well with} 17. Qh5 {
against Kasparov in 1998.}) 17... Ne7 ({Equally good is} 17... b4 {
(Golubev-Nechaev, Donetzk 1998).}) 18. Nxe7+ Rxe7 19. axb5 axb5 20. Bxb5 d5 21.
Nc2 $6 ({White keeps a plus with} 21. Ra6 $1 {Rogozenko mentions} f4 $6 22.
Rxe6 $1 Rxe6 23. Qxd5 Qxd5 24. Nxd5 {White has a better endgame.}) 21... Rb7
22. Bc6 Rxb2 23. Ra8 Qd6 24. Ra6 Qc5 25. Nb4 {A difficult tactical position
has arisen.} Qxc3 ({Black seems to win by} 25... d4 $1 26. Nd3 Qc4 27. cxd4
Qxa6 {but} 28. d5 $1 Rb6 29. Nc5 Qc4 30. Nxe6 Rxc6 31. Nxf8 Rd6 32. Ne6 Qxd5
33. Qxd5 Rxd5 34. Nxg7 Kxg7 {draws.}) 26. Bxd5 Qxb4 27. Bxe6+ 1/2-1/2

[Event "Hoogovens"]
[Site "Wijk aan Zee 61"]
[Date "1999.??.??"]
[Round "11"]
[White "Timman, Jan"]
[Black "Kasparov, Gary"]
[Result "1/2-1/2"]
[WhiteElo "2645"]
[BlackElo "2810"]
[Annotator "JvR"]
[PlyCount "31"]
[EventDate "1999.??.??"]
[EventCountry "NED"]

1. e4 c5 2. Nf3 d6 3. d4 cxd4 4. Nxd4 Nf6 5. Nc3 a6 6. Be3 e6 7. g4 h6 8. f4 e5
9. Nf5 h5 ({If Black wants to avoid an instant draw, he has to play} 9... Nc6
10. Be2 g6 {(Anand-Kasparov, Linares 1998).}) 10. gxh5 exf4 11. Bxf4 Nxh5 12.
Nxd6+ Bxd6 13. Bxd6 Qh4+ 14. Kd2 Qg5+ 15. Ke1 Qh4+ 16. Kd2 {Although this game
is identical to Shirov-Kasparov, Monaco 1996, Gary was angry about the draw. 
Super trio: Kasparov 8 1/2, Anand 8, Kramnik 7.  Anand approaches Kasparov.}
1/2-1/2

[Event "Hoogovens"]
[Site "Wijk aan Zee 61"]
[Date "1999.??.??"]
[Round "12"]
[White "Kasparov, Gary"]
[Black "Svidler, Peter"]
[Result "1-0"]
[WhiteElo "2810"]
[BlackElo "2710"]
[Annotator "JvR"]
[PlyCount "61"]
[EventDate "1999.??.??"]
[EventCountry "NED"]

1. d4 Nf6 2. c4 g6 3. Nc3 d5 4. Nf3 Bg7 5. Qb3 dxc4 6. Qxc4 O-O 7. e4 a6 8. e5
b5 9. Qb3 Nfd7 10. e6 fxe6 11. Be3 $1 {This idea stems from the little known
game Levtchouk-Duong Thanh Nha, Quebec 1992.} Nb6 $6 ({Shirov improved play
with} 11... Nf6 $1 12. a4 $1 bxa4 13. Rxa4 Nd5 $1) 12. h4 Nc6 13. h5 Rxf3 $5 ({
Unpleasant is} 13... Nxd4 14. Nxd4 Bxd4 15. hxg6 hxg6 16. Rd1 {(Ftacnik).}) 14.
gxf3 Nxd4 15. Rd1 $1 c5 16. Bxd4 cxd4 17. hxg6 {The black king is the target.}
h6 $2 ({After the natural} 17... hxg6 18. Qc2 {(Kasparov)} Qf8 $1 19. Qxg6 Qf5
20. Qe8+ Qf8 21. Qxf8+ Kxf8 {Black might survive the endgame.}) 18. Rh5 $5 {
Kasparov wants to control d5.} ({But} 18. f4 $1 Nd5 19. Bg2 Bb7 20. Nxd5 exd5
21. f5 {gains a big advantage.}) 18... Qe8 19. Ne2 Qxg6 20. Rh1 Kh8 $6 ({More
resistance offers} 20... Bb7 21. Rg1 Qf6 22. Rxd4 Bd5) 21. Rg1 Qf7 22. Nxd4 Nd5
23. Qd3 $1 Bd7 (23... e5 24. Nxb5 $1) 24. Qe4 Rc8 25. Bd3 Nf6 26. Qh4 Rc5 27.
Ne2 $1 Nd5 28. Rg6 Qf8 29. Qe4 Qf7 30. Kd2 Nf6 31. Qe3 {White decides the game
with a doubling of rooks on the g-file.} 1-0

[Event "Hoogovens"]
[Site "Wijk aan Zee 61"]
[Date "1999.??.??"]
[Round "13"]
[White "Anand, Viswanathan"]
[Black "Topalov, Veselin"]
[Result "1-0"]
[WhiteElo "2780"]
[BlackElo "2700"]
[Annotator "JvR"]
[PlyCount "81"]
[EventDate "1999.??.??"]
[EventCountry "NED"]

1. e4 c5 2. Nf3 d6 3. d4 cxd4 4. Nxd4 Nf6 5. Nc3 a6 6. f3 b5 $5 7. a4 b4 8. Nd5
$1 ({The passive} 8. Na2 {stems from Huberty-Alho, Singapore 1990.}) 8... Nxd5
9. exd5 g6 10. Be3 Bb7 11. Bc4 Qc7 12. Bb3 Nd7 13. Qd2 Nf6 14. Ne2 a5 15. O-O-O
Rc8 16. Nd4 Bg7 ({Anand analyses} 16... Bxd5 $6 17. Nb5 Qc6 18. Na7 Bxb3 19.
Nxc6 Rxc6 20. Kb1 Bxc2+ 21. Qxc2 Rxc2 22. Kxc2) 17. Nb5 Qd8 18. g4 Nd7 19. Kb1
Nc5 20. h4 h5 $1 21. Bd4 Kf8 22. Rhg1 Qd7 23. Bxg7+ Kxg7 24. Nd4 Nxb3 25. cxb3
$1 Kf8 $1 ({Risk takes} 25... hxg4 26. fxg4 Rc5 27. Nf5+ Kf8 28. Qd4 Rh7) 26.
Nc2 hxg4 27. fxg4 Rxh4 28. Ne3 e5 29. Qf2 Qe7 30. Rh1 Rxh1 31. Rxh1 Qg5 32. Rh7
Rc7 33. Ka2 Ba6 34. Qh2 {White's attack has an unexpected strength.} Bd3 $4 ({
Another trap is} 34... Qxe3 $4 35. Qh4 $1 g5 36. Qh6+ Ke7 37. Qe6+) ({Black
can escape by} 34... Ke7 $1 35. Rxf7+ $1 Kxf7 36. Qh7+ Ke8 37. Qg8+ Kd7 38.
Qe6+ Kd8 39. Qg8+ {and a perpetual (Anand).}) 35. Rh8+ Ke7 36. Ra8 Qf6 37. g5 (
{Faster wins} 37. Qh6 $1 Kd7 38. Qf8 Qe7 39. Qb8) 37... Qg7 (37... Qxg5 38. Qh8
Rd7 39. Re8#) 38. Qd2 e4 $6 ({After} 38... Bf5 39. Nc4 {the win will take time
(Atlas).}) 39. Ng4 Rd7 40. Nf6 Rd8 41. Qc1 $1 ({Elegantly ends} 41. Qc1 Rxa8
42. Qc7+ Kf8 43. Qxd6#) 1-0

[Event "Hoogovens"]
[Site "Wijk aan Zee 61"]
[Date "1999.??.??"]
[Round "13"]
[White "Kramnik, Vladimir"]
[Black "Kasparov, Gary"]
[Result "1/2-1/2"]
[WhiteElo "2750"]
[BlackElo "2810"]
[Annotator "JvR"]
[PlyCount "55"]
[EventDate "1999.??.??"]
[EventCountry "NED"]

1. Nf3 d5 2. d4 Nf6 3. c4 c6 4. Nc3 e6 5. e3 Nbd7 6. Bd3 dxc4 7. Bxc4 b5 8. Bd3
a6 9. e4 c5 10. e5 cxd4 11. Nxb5 Nxe5 12. Nxe5 axb5 13. Bxb5+ Bd7 14. Nxd7 Qa5+
15. Bd2 Qxb5 16. Nxf8 Rxf8 17. a4 Qc4 18. b3 Qd3 19. Qf3 Qe4+ 20. Qxe4 Nxe4 21.
b4 Ke7 22. f3 Nc3 23. Bxc3 dxc3 24. Ke2 Rfd8 25. Rhd1 c2 26. Rdc1 ({Known is} 
26. Rxd8 Rxa4 27. Rc8 Rxa1 28. Rxc2 Rb1 $11 {(Tkachiev-Morovic, Porec 1998).})
26... Rd4 27. Rxc2 Rxb4 28. a5 1/2-1/2

[Event "Hoogovens"]
[Site "Wijk aan Zee 61"]
[Date "1999.??.??"]
[Round "13"]
[White "Timman, Jan"]
[Black "Yermolinsky, Alex"]
[Result "1-0"]
[WhiteElo "2645"]
[BlackElo "2595"]
[Annotator "JvR"]
[PlyCount "77"]
[EventDate "1999.??.??"]
[EventCountry "NED"]

1. e4 c5 2. Nf3 e6 3. Nc3 d6 4. d4 cxd4 5. Qxd4 Nc6 6. Bb5 Bd7 7. Qd3 a6 8.
Bxc6 Bxc6 9. Bf4 Nf6 10. O-O-O Be7 11. Rhe1 d5 ({Yermolinsky does not know the
theory} 11... Ng4 {(Tseitlin-Ehlvest, Katerini 1992).}) 12. e5 Ne4 $2 ({
Correct is} 12... Nd7 13. Nd4 Qc7) 13. Nxe4 dxe4 14. Qxd8+ Rxd8 15. Rxd8+ Bxd8
16. Nd2 Bb6 17. Nxe4 Bxe4 18. Rxe4 Bxf2 19. Rb4 {Black will lose a pawn.} b6 $2
({Better chances are offered by} 19... b5 $1 20. a4 Ke7 $1 (20... Bc5 $2 21.
Rb3 b4 22. Bd2 a5 23. c3 {(Timman)} O-O $5 24. cxb4 axb4 25. Bxb4 Rb8 26. Bxc5
$1 Rxb3 27. a5 f6 28. a6 Rb8 29. b4 Kf7 30. a7 Rc8 31. b5 $1 {The a-pawn will
queen.}) 21. axb5 Rb8 22. c4 Bc5 23. Rb3 axb5 24. Rxb5 Rxb5 25. cxb5 Kd7 {The
bishop will be hard to win for White.}) 20. Ra4 $1 a5 21. b4 Kd7 22. bxa5 bxa5
23. Rxa5 Rc8 24. Ra3 Rc4 25. Be3 Bxe3+ 26. Rxe3 h5 27. Kb2 $1 f5 28. Kb3 Rg4
29. Rg3 Re4 {If Black exchanges the rooks, the pawn ending is lost.} 30. Rxg7+
Kc6 31. Rh7 Rxe5 32. Rxh5 Rb5+ 33. Kc3 Rc5+ 34. Kd2 Ra5 35. h4 Rxa2 36. Rh8 Kd6
37. h5 Ke7 38. h6 Kf7 (38... Kf6 39. Rg8 Ra7 40. Rg3 Rh7 41. Rh3 Kg5 42. c4 {
(Timman).}) 39. Re8 $1 {Super trio: Kasparov 10, Anand 9 1/2, Kramnik 8. 
Kasparov has won the tournament.} 1-0

[Event "Corus"]
[Site "Wijk aan Zee 62"]
[Date "2000.??.??"]
[Round "1"]
[White "Korchnoi, Viktor"]
[Black "Kasparov, Gary"]
[Result "0-1"]
[WhiteElo "2655"]
[BlackElo "2850"]
[Annotator "JvR"]
[PlyCount "108"]
[EventDate "2000.??.??"]
[EventCountry "NED"]

{Corus 2000 was played from 15-31 i. The wins by Kasparov have been analysed.} 
1. d4 Nf6 2. c4 g6 3. Nc3 d5 4. cxd5 Nxd5 5. Bd2 Bg7 6. e4 Nb6 7. Be3 O-O 8.
Be2 Nc6 9. Nf3 Bg4 10. d5 Bxf3 11. gxf3 Na5 12. Bd4 Qd6 13. Bxg7 Kxg7 14. f4 $6
{White weakens the centre.} ({Better is} 14. Rc1 {(Tihonov-Notkin, Minsk 2001).
}) 14... Qf6 15. Qd2 c6 16. dxc6 $6 ({Kasparov suggests} 16. e5) 16... Rfd8 17.
Qe3 Nac4 $5 18. Qc5 Rac8 $1 19. c7 Rd7 20. Bxc4 Rcxc7 21. Qg5 Rxc4 22. Qxf6+
Kxf6 23. Rc1 Rcd4 {Black has collected advantages.} 24. b3 Rd3 25. Ke2 $6 {The
king will be chased.} Rd2+ 26. Kf3 R7d3+ 27. Kg2 e6 28. Rhe1 Ke7 29. f5 Nd7 30.
fxe6 fxe6 31. Kf1 Ne5 32. Re2 g5 33. Na4 Rd1+ 34. Re1 Rxe1+ 35. Kxe1 Rd7 $2 ({
Black could have crowned the restraint by} 35... Kd6 $1 36. Nc5 $6 b6 $1 {
(Kasparov and Shipov)} 37. Nxd3 Nxd3+ 38. Kd2 Nxc1 39. Kxc1 Ke5) 36. Ke2 Nd3
37. Rc3 Nf4+ 38. Kf3 Kf6 39. Nc5 Rc7 {Korchnoi has to make the last move
before the time control.} 40. h4 $2 ({Right is} 40. Ke3 $1 h5 41. f3 $1 {
(opens square f2 for the king)} b6 42. Na4 Rxc3+ 43. Nxc3 Ke5 44. a3 Ng2+ 45.
Kf2 $1) 40... e5 41. hxg5+ Kxg5 42. Rc4 b5 43. Rc1 b4 44. Rc4 a5 45. Na4 Rf7
46. Ke3 Ng2+ 47. Ke2 Nf4+ 48. Ke3 h5 49. Rc5 Ng2+ 50. Ke2 h4 $1 {White cannot
stop the passed pawn.} 51. Rxe5+ Kg4 52. Re8 Nf4+ 53. Ke3 h3 54. f3+ Kh4 (54...
Kh4 55. Rh8+ Nh5 56. Kf2 Rg7 {and Black wins.}) 0-1

[Event "Corus"]
[Site "Wijk aan Zee 62"]
[Date "2000.??.??"]
[Round "3"]
[White "Kasparov, Gary"]
[Black "Van Wely, Loek"]
[Result "1-0"]
[WhiteElo "2850"]
[BlackElo "2645"]
[Annotator "JvR"]
[PlyCount "49"]
[EventDate "2000.??.??"]
[EventCountry "NED"]

1. e4 c5 2. Nf3 d6 3. d4 cxd4 4. Nxd4 Nf6 5. Nc3 a6 6. Be3 e6 7. f3 b5 8. g4 h6
9. Qd2 Nbd7 10. O-O-O Bb7 11. h4 b4 12. Na4 d5 13. Bh3 g5 $2 ({Usual is} 13...
Qa5) 14. Bg2 $1 gxh4 15. Rxh4 dxe4 ({Not} 15... Nxe4 $2 16. fxe4 $1 Qxh4 17.
exd5 exd5 18. Bxd5 $1 {(Ftacnik).}) 16. g5 Nd5 17. Rxe4 hxg5 ({Sacrifices
crush the defence in} 17... Qa5 18. Nxe6 $1 fxe6 19. Rxe6+ $1 Kf7 20. Qd3 $1
Kxe6 21. Qe4+ $1 Ne5 22. Bh3+ Kd6 23. Bf4 Re8 24. Qg6+) 18. Bxg5 Qa5 19. f4 Rh2
({Or} 19... e5 20. Nb3 $1 Qxa4 21. Rxe5+ $1 Nxe5 22. Bxd5) 20. Nxe6 $1 fxe6 21.
Rxe6+ Kf7 22. Qd3 $3 {Kasparov finds an elegant decision.} Bg7 ({The pointe is
} 22... Kxe6 23. Bxd5+ Bxd5 24. Qg6+ Nf6 25. Qxf6+ Kd7 26. Rxd5+ Qxd5 27. Nb6+)
23. Qf5+ Kg8 24. Rxd5 Qxa4 25. Re7 1-0

[Event "Corus"]
[Site "Wijk aan Zee 62"]
[Date "2000.??.??"]
[Round "5"]
[White "Kasparov, Gary"]
[Black "Morozevich, Alexander"]
[Result "1-0"]
[WhiteElo "2850"]
[BlackElo "2745"]
[Annotator "JvR"]
[PlyCount "90"]
[EventDate "2000.??.??"]
[EventCountry "NED"]

1. d4 d5 2. c4 c6 3. Nc3 Nf6 4. Nf3 dxc4 5. a4 Bf5 6. Ne5 Nbd7 7. Nxc4 Qc7 8.
g3 e5 9. dxe5 Nxe5 10. Bf4 Nfd7 11. Bg2 g5 12. Ne3 gxf4 13. Nxf5 O-O-O 14. Qc2
Ng4 $6 (14... fxg3 $6 15. hxg3 Kb8 {stems from Corral Blanco - Lopez de Lerma,
Asturias 1986.}) 15. a5 fxg3 16. hxg3 a6 {Black has to weaken his pawn
structure.} 17. Ra4 Ndf6 18. Ne4 Nxe4 $6 ({Kasparov and Hübner prefer} 18...
Nd5 $1) 19. Bxe4 h5 20. Kf1 Kb8 21. Kg2 Be7 22. Nxe7 Qxe7 23. Bf3 Ne5 $6 (23...
Qe6 24. Qc3 {(Hübner)} f5 {keeps the material equality.}) 24. Bxh5 Qe6 25. Qc3
f6 26. Rah4 Qf5 27. Bf3 Rxh4 28. Rxh4 Qb1 29. Rh1 Rd1 30. Rxd1 Qxd1 31. b4 Kc7
32. Qc5 Qd6 33. Qxd6+ Kxd6 34. Be4 Nc4 35. Bd3 Nb2 36. f4 Nd1 37. g4 Ne3+ 38.
Kf3 Nd5 39. Ke4 Nxb4 40. Bc4 c5 41. g5 fxg5 42. fxg5 Ke7 43. Kf5 Nc2 44. Ke5
Ne3 45. Be6 c4 1-0

[Event "Corus"]
[Site "Wijk aan Zee 62"]
[Date "2000.??.??"]
[Round "9"]
[White "Kasparov, Gary"]
[Black "Timman, Jan"]
[Result "1-0"]
[WhiteElo "2850"]
[BlackElo "2655"]
[Annotator "JvR"]
[PlyCount "71"]
[EventDate "2000.??.??"]
[EventCountry "NED"]

1. e4 e5 2. Nf3 Nc6 3. d4 exd4 4. Nxd4 Nf6 5. Nxc6 bxc6 6. e5 Qe7 7. Qe2 Nd5 8.
c4 Nb6 9. Nc3 Qe6 10. Qe4 Bb4 11. Bd2 Ba6 12. b3 Bxc3 13. Bxc3 d5 14. Qh4 $1
dxc4 15. Be2 Nd5 16. Bxc4 $5 ({Kasparov deviates from} 16. Bd4 {in his game
against Adams in Sarajevo 1999.}) 16... g5 $6 17. Qd4 $1 Bxc4 18. Qxc4 Nf4 19.
Qxe6+ Nxe6 20. O-O-O {White has the better endgame.} Ke7 21. Rhe1 Rhd8 22. Rxd8
Rxd8 23. Re4 {Weak pawns become a target.} Rd5 ({Mikhalevski mentions} 23...
Nf4 24. Ra4 $1) 24. Kc2 c5 25. Ra4 Nd4+ 26. Bxd4 cxd4 27. Rxa7 Kd7 28. Kd3 Rxe5
29. Ra4 $1 c5 30. b4 $1 Ke6 31. Ra6+ Kf5 32. b5 Rd5 33. Rc6 c4+ 34. Kxc4 d3 35.
Kxd5 d2 36. g4+ $1 1-0

[Event "Corus"]
[Site "Wijk aan Zee 62"]
[Date "2000.??.??"]
[Round "10"]
[White "Nikolic, Predrag"]
[Black "Kasparov, Gary"]
[Result "0-1"]
[WhiteElo "2655"]
[BlackElo "2850"]
[Annotator "JvR"]
[PlyCount "130"]
[EventDate "2000.??.??"]
[EventCountry "NED"]

1. d4 Nf6 2. c4 g6 3. Nf3 Bg7 4. g3 d5 5. cxd5 Nxd5 6. Bg2 Nb6 7. O-O Nc6 8.
Nc3 Nxd4 9. Nxd4 Qxd4 10. Nb5 Qc4 11. a4 $2 ({Better is} 11. Qb3 {
(Ornstein-Smejkal, Skopje 1972).}) 11... O-O 12. b3 Qg4 13. Be3 Be6 $1 14. Nxc7
(14. Bxb7 {lost in Kaabi-Szekely, Djerba 1998.}) 14... Rad8 15. Qb1 Bxa1 16.
Qxa1 Bxb3 17. a5 Nc4 18. Bh6 Qd4 19. Nd5 Qxa1 20. Nxe7+ Kh8 21. Rxa1 Rfe8 22.
Bg5 Rd6 23. Nd5 Rxe2 24. Bf6+ Rxf6 $1 (24... Kg8 $6 25. Bc3 f5 26. Nf6+ Kf7 27.
Bd5+ Rxd5 28. Nxd5 {gives up the extra exchange less favourably.}) 25. Nxf6 Kg7
26. a6 bxa6 27. Nd7 a5 28. Nc5 a4 29. Nxa4 Re5 30. Nc3 Nd2 31. f4 Rc5 32. Ne2
a5 33. Kf2 Bc4 34. Ke3 Nb3 35. Ra3 Rc8 36. Nc3 Re8+ 37. Kf2 Rd8 38. Bf1 Be6 39.
Be2 Rc8 40. Ne4 Bd5 41. Nd6 Rc6 42. Nb5 Rc1 43. Ke3 Re1 44. Kf2 Rc1 45. Ke3 Re1
46. Kf2 Ra1 47. Rxa1 Nxa1 48. Ke3 Nb3 49. Bd1 Kf6 50. Kd3 Nc5+ $2 (50... Bc6 $1
51. Na7 Ba4 52. Kc3 Nc5 {keeps the advantage (Kasparov).}) 51. Kd4 Bb3 52. Bf3
Nd7 53. Nd6 Ke6 54. Nb7 a4 55. Kc3 Nf6 56. Nc5+ Kf5 57. Nxb3 axb3 58. Kxb3 Ng4
59. h3 Ne3 60. Be2 $2 ({Right is} 60. Kc3 Nf1 61. Kd3 Nxg3 62. Ke3 Nf1+ 63. Kf2
Kxf4 64. Bd5 Nd2 65. Bxf7 {drawn (Kasparov and Shipov).}) 60... Ke4 61. Kc3 Nf5
62. Bc4 Nxg3 63. Bxf7 Ne2+ 64. Kd2 Nxf4 65. h4 Kf3 0-1

[Event "Corus"]
[Site "Wijk aan Zee 62"]
[Date "2000.??.??"]
[Round "13"]
[White "Kasparov, Gary"]
[Black "Polgar, Judit"]
[Result "1-0"]
[WhiteElo "2850"]
[BlackElo "2655"]
[Annotator "JvR"]
[PlyCount "87"]
[EventDate "2000.??.??"]
[EventCountry "NED"]

1. e4 c5 2. Nf3 d6 3. d4 cxd4 4. Nxd4 Nf6 5. Nc3 a6 6. Be3 Ng4 7. Bg5 h6 8. Bh4
g5 9. Bg3 Bg7 10. h3 Nf6 11. Bc4 $5 ({The solid} 11. Be2 Qb6 12. Nb3 {occurred
in Jirovsky-Fajman, Czechia 2000.}) 11... Qb6 12. O-O O-O 13. Nde2 $6 Qxb2 $1
14. Bb3 Qa3 $1 {Judit could capture the pawn without great risks.} 15. f4 Nc6
16. Kh1 Be6 17. Qd3 Rac8 {Black simply develops.} 18. fxg5 hxg5 19. Nd5 Rfe8 $6
20. Rad1 Nb4 21. Qf3 $6 ({More active is} 21. Qe3 $1) 21... Nbxd5 22. exd5 Bd7
23. c3 a5 24. Qd3 a4 25. Bc2 Qc5 $2 ({Best is} 25... Kf8 $1 {(Stohl)} 26. Bb1
Rc5) 26. Rxf6 $1 {Kasparov creates new chances.} exf6 (26... Bxf6 $2 27. Qh7+
Kf8 28. Nf4 $1 gxf4 29. Bxf4 e5 30. Bg6 $1 Ke7 31. Qxf7+ Kd8 32. Qxf6+ Kc7 33.
Bxe8 Rxe8 {(Kasparov) favours White.}) 27. Qh7+ Kf8 28. Nd4 Re5 $1 29. Bxe5
fxe5 $6 ({Better is} 29... dxe5 30. Nf5 Bxf5 31. Qxf5 {(Kasparov)} Rd8 32. Bxa4
b5 $1) 30. Ne6+ $1 Bxe6 31. dxe6 Rc7 32. Bxa4 d5 33. Qf5 $6 ({Kasparov prefers
} 33. exf7 Rxf7 34. Bb3 Qb5 35. Qb1 $1) 33... Qc4 34. Bd7 Qf4 35. Qb1 $1 {
White threatens Rf1.} fxe6 $2 ({Correct is} 35... Qc4 $1 36. Rf1 f6 37. Re1 $1
e4 38. Qd1 Qxc3 39. Rxe4 Ke7 40. Qxd5 {(Stohl)} Qc5 $1 {and Black has survival
chances.}) 36. Bxe6 $1 Ke7 37. Bxd5 Rd7 38. c4 Qe3 39. Qh7 Kd8 40. Rb1 Qf4 41.
Be6 Re7 42. Bg4 Rf7 43. Qd3+ Qd4 44. Qg6 {Kasparov scored 9 1/2 out of 13 (six
wins and seven draws), 1 1/2 points more than Kramnik, Lékó and Anand.} 1-0

[Event "Corus"]
[Site "Wijk aan Zee 63"]
[Date "2001.01.13"]
[Round "1"]
[White "Tiviakov, Sergei"]
[Black "Kasparov, Gary"]
[Result "0-1"]
[WhiteElo "2597"]
[BlackElo "2849"]
[Annotator "JvR"]
[PlyCount "106"]
[EventDate "2001.??.??"]
[EventCountry "NED"]

1. e4 c5 2. Nc3 d6 3. f4 g6 4. Nf3 Bg7 5. Bc4 Nc6 6. O-O e6 7. d3 Nge7 8. Qe1
O-O 9. Bb3 $6 ({Usual is} 9. f5 d5 10. Bb3) 9... Na5 10. Be3 b6 11. Bf2 Bb7 12.
Bh4 Nxb3 13. axb3 Qd7 14. Qg3 (14. Kh1 {was played in Gamboa-Wojtkiewicz, St
Martin 1993.}) 14... f5 15. Rae1 $6 {White will lose control over the centre.}
({Right is} 15. Bxe7 Qxe7 16. e5 $1) 15... Nc6 16. exf5 $6 gxf5 17. Re2 Rae8
18. Rfe1 Kh8 19. Qh3 Nd4 20. Nxd4 Bxd4+ 21. Kh1 Rg8 22. Nd1 Rg6 23. c3 Bg7 24.
Ne3 Rf8 25. Bg5 h6 26. Bh4 $6 (26. Qh5 $5 {holds up the kingside attack.})
26... b5 27. Nf1 b4 28. cxb4 $6 cxb4 29. Ne3 Rg8 30. Bg3 Bd4 31. Nc4 R8g7 32.
Qh5 Kh7 33. Ne3 Qb5 34. Rd2 a6 35. Qh3 h5 36. Ree2 h4 $1 37. Be1 Bxe3 38. Qxe3
(38. Rxe3 Qc5 $1 39. Rg3 Rg4 {(Kasparov).}) 38... Qc6 39. Qh3 Qc1 40. Qxh4+ Rh6
41. Rc2 Qd1 42. Rcd2 Qb1 $1 43. Qf2 Rxg2 44. Qxg2 Bxg2+ 45. Kxg2 Qa2 46. Rc2
Rg6+ 47. Bg3 Qxb3 48. Red2 a5 49. Kf2 a4 50. Rc6 a3 51. bxa3 bxa3 52. Ke2 e5
53. fxe5 f4 0-1

[Event "Corus"]
[Site "Wijk aan Zee 63"]
[Date "2001.01.14"]
[Round "2"]
[White "Anand, Viswanathan"]
[Black "Tiviakov, Sergei"]
[Result "1-0"]
[WhiteElo "2790"]
[BlackElo "2597"]
[Annotator "JvR"]
[PlyCount "89"]
[EventDate "2001.??.??"]
[EventCountry "NED"]

1. e4 c5 2. Nf3 Nc6 3. d4 cxd4 4. Nxd4 g6 5. Nc3 Bg7 6. Be3 Nf6 7. Bc4 O-O 8.
Bb3 d6 9. f3 Bd7 10. Qd2 Rc8 11. O-O-O Nxd4 12. Bxd4 b5 13. Nd5 Nxd5 14. Bxg7
Kxg7 15. exd5 a5 16. a3 Qb6 17. Rhe1 Rfe8 18. g4 b4 $5 ({Known is} 18... Rc7 {
(Macieja-Rogozenko, Istanbul 2000).}) 19. a4 Qc5 20. Kb1 e5 21. dxe6 Bxe6 22.
h4 $1 Bxb3 23. cxb3 Rxe1 24. Rxe1 {White threatens to begin a horrible attack.}
h5 $2 ({An interesting variation is} 24... d5 $5 25. h5 d4 26. h6+ $1 {(Anand),
and now} Kf8 $1 27. Qf4 Rc6 $1 28. Qb8+ Rc8 29. Qe5 Qxe5 30. Rxe5 d3 $1 31. Rd5
Ke7 32. Rxd3 Rc5 33. Re3+ Kd7 $1 34. f4 Rd5 35. Kc2 f6 36. Rd3 Kd6 {drawn.})
25. Ka2 hxg4 26. fxg4 Rh8 27. Qf4 $1 Rxh4 28. Rf1 Qe5 29. Qxf7+ Kh6 30. Rf6 $5
(30. Rg1 $1 Kg5 31. Rd1 $1 {wins more quickly (Anand).}) 30... Rxg4 31. Re6 Qg7
32. Qf3 Qd4 33. Qf8+ Kh5 34. Rxd6 Qe5 35. Qd8 Rg5 36. Rd7 Kg4 37. Rd1 Qe3 $6
38. Rd4+ Qxd4 39. Qxd4+ Kh5 40. Qh8+ Kg4 41. Qg7 Kh5 42. Qh7+ Kg4 43. Kb1 Kf5
44. Qf7+ Ke4 45. Qf6 1-0

[Event "Corus"]
[Site "Wijk aan Zee 63"]
[Date "2001.01.14"]
[Round "2"]
[White "Fedorov, Alexei"]
[Black "Kasparov, Gary"]
[Result "0-1"]
[WhiteElo "2575"]
[BlackElo "2845"]
[Annotator "JvR"]
[PlyCount "50"]
[EventDate "2001.??.??"]
[EventCountry "NED"]

1. e4 c5 2. d3 Nc6 3. g3 g6 4. Bg2 Bg7 5. f4 d6 6. Nf3 Nf6 7. O-O O-O 8. h3 b5
$5 {Kasparov plays a new and sharp move.} 9. g4 $6 ({The crucial variation is} 
9. e5 $1 dxe5 10. Nxe5 Nxe5 11. fxe5 $1 Nd5 {(Kasparov)} 12. Kh2) 9... a5 10.
f5 b4 11. Qe1 Ba6 12. Qh4 $2 ({Right is} 12. Nbd2 {(Kasparov).}) 12... c4 $1
13. Bh6 $2 cxd3 14. cxd3 Bxd3 15. Re1 Bxh6 16. Qxh6 Qb6+ 17. Kh1 Ne5 18. Nbd2
Rac8 19. Ng5 Rc2 20. Rf1 Bxf1 21. Rxf1 Rfc8 22. fxg6 hxg6 23. Nb3 Rxg2 $1 24.
Kxg2 Rc2+ 25. Kg3 Qe3+ 0-1